| 000 | 00561nam a2200205Ia 4500 | ||
|---|---|---|---|
| 005 | 20250508163553.0 | ||
| 008 | 008 250505s9999 xx 000 0 eng d | ||
| 020 | _a81-86816-04-6 | ||
| 037 | _aTextual | ||
| 040 |
_aFEDL _beng _cFEDL |
||
| 041 |
_aeng _2eng |
||
| 084 |
_a337, PAY _qFEDL |
||
| 100 | _aPayer Cheryl | ||
| 245 | 0 | _aLent and lost : Foreign credit and third World development | |
| 260 |
_aDelhi, India _bMadhyam Book _c1996 |
||
| 300 | _a154p | ||
| 650 | _aEconomics | ||
| 942 |
_cTEXL _h337, PAY |
||
| 999 |
_c1384139 _d1384139 |
||